000 01399nam a2200337 c 4500
003 BLK
005 20241009005438.0
008 180409b bul|||||r ||||||| ||bul||
010 _aKNG00102703000
020 _a954-597-106-1
_bиздат.: Фама
040 _aBLK
041 _aBUL
_cBUL
080 _aКласическа гръцка литература. Старогръцка литература
_b821.142
_x-13
_z821.142-13
100 1 _aОмир
_eпърви автор
_9104719
700 1 _aРазцветников, Асен
_d1897 - 1951
_qКоларов, Асен Петков
_eпрев. от старогр.
_gКоларов, Асен Петков
_9114515
139 _aОмир
_bО 56
245 1 0 _aИлиада
_bПесни I, ХVIII, ХХII, ХХIV ; Из песни II, VI
_cОмир; прев. от старогр. Асен Разцветников.
250 _a15. изд.
257 _aDRG
260 София
_bФама
_c1999
_fСофия : Офсетграфик
300 _a102 с.
_c20 см
380 _aX
490 1 _aПантеон
500 _aБез сведение за ориг. загл. - 1. изд. на изд. Т. Ф. Чипев. - Офс. изд. - 500 тир.
852 _aЦб 212164
856 4 _qpdf
_u
856 4 _qpdf
_u
942 _cKNG
_n0
_044
944 _aCR
_c01.01.1999
_k
_lCRON CRON
944 _aED
_c06.12.2003
_k
999 _c97788
_d97788